Лидеры соцблока - Statistics

General Stats
  • This quiz has been taken 3 times
  • The average score is 17 of 31
Answer Stats
Описание Имя, Фамилия % Correct
Лидер ГДР 1971-1989, проводил линию «потребительского социализма»; пал после протестов 1989 г. При нем ГДР стала членом ООН в 1973 г. Благодаря нему пала Берлинская стена. Эрих Хонеккер
100%
Генсек ЦК ПОРП 1981-1990 Генерал, ввёл военное положение в Польше в 1981 году для подавления «Солидарности». В 1990 г. под влиянием бархатной революции прекращает свою деятельность, отдав кресло главы Польши Леху Валенса Войцех Ярузельский
100%
Глава профсоюза «Солидарность»,лидер забастовок 1980, Нобелевская премия мира 1983; ключевая фигура падения коммунизма в Польше. Возглавил Польшу после распада СССР Лех Валенса
100%
Диктатор Румынии 1965-1989, культ личности, проводил либеральную политику и выступал за сотрудничество с западом жёсткая экономия; казнён в 1989. Николае Чаушеску
100%
Лидер Югославии 1945-1980, разрыв со Сталиным (1948), основатель Движения неприсоединения. Единственный, кто смог пресечь националистические противоречия на Балканах. На фоне сближения с Хрущевым в 1956 г. случилась "Обманувшая весна", когда усилился советско-албанский раскол после смерти Сталина. Иосип Броз Тито
100%
Лидер Болгарии 1954-1989, самый лояльный союзник СССР. Встретил Бархатную революции 1989-1990 гг. и оставил кресло главы Болгарии Тодор Живков
100%
Основатель КНДР, лидер корейской войны, культ личности. Ким Ир Сен
100%
Наследник, идеология чучхе, укрепление закрытости. Ким Чен Ир
100%
Лидер Венгрии 1956-1988, проводил «кадаризм» — мягкий социализм с рыночными элементами. Янош Кадар
100%
Диктатор Албании 1946-1985, ультрасталинизм, разрыв с СССР и Китаем. Энвер Ходжа
100%
Лидер реформ 1978+, нормализация отношений с СССР и США. Дэн Сяопин
100%
Лидер Северного Вьетнама, символ борьбы за независимость. Хо Ши Мин
100%
Лидер красных кхмеров, создатель режима геноцида 1975-1979. Пол Пот
100%
Единственный президент ГДР 1949-1960 Один из создателей соц.партии Германии.Участвовал в Берлинском кризисе 1948-1949 гг., в результате чего стал Президентом ГДР до своей смерти Вильгельм Пик
50%
Лидер ГДР 1950-1971, построил Берлинскую стену в 1961, проводил борьбу с фашизмом. Награжден званием героя Советского Союза. При нем был подписан Московский договор о взаимном признаии с ФРГ в 1970 г. Вальтер Ульбрихт
50%
Первый лидер ЧССР после 1948 (1948-1953), организатор «Февральского переворота». Клемент Готвальд
50%
Председатель СовминаВенгрии 1952-1953. Совершил переход к социалистической режиму. После XX съезда отправлен в отставку Матьяш Ракоши
50%
Председатель СовминаВенгрии 1953-1956. Лидер Венгерского восстания 1956, объявил выход из ОВД; казнён в 1958 г. Имре Надь
50%
Лидер Польши 1970-1980, проводил экономические реформы на западных кредитах; его политика привела к кризису. Эдвард Герек
50%
Лидер Пражской весны 1968, проводил реформы «социализма с человеческим лицом». Александр Дубчек
50%
Лидер Монголии до 1952 Хорлогийн Чойбалсан
50%
Президент ПНР (1947–1952). С 1948 года под его руководством была развёрнута борьба против правого националистического уклона, подавлялось инакомыслие в партии и обществе. Поддерживал направление соцреализма в архитектуре, которое стало доминирующим в Польше в период с 1947 по 1956 год. Болеслав Берут
0%
Генсек ЦК ПОРП 1956-1970. Проводил более мягкую политику, чем сталинские ставленники. Принимал активное участвие в репресииях евреев и антисемтиской капмании в 1968 г. В 1970 г. Вилли Брандт приклонил колени перед могилой польских евреев - нормализация германско-польских отношений. Владислав Гомулка
0%
Вацлав Гавел
0%
Георге Георгиу-Деж
0%
Слободан Милошевич
0%
Георгий Димитров
0%
Фидель Кастро
0%
Пол Пот
0%
Последний президент Чехословакии (1975-1989) Густав Гусак
0%
Премьер КНР, дипломат №1 страны, архитектор внешней политики. Чжоу Эньлай
0%
No matching quizzes found
Score Distribution
Percent of People with Each Score
Percentile by Number Answered
Your Score History
You have not taken this quiz